| 000 | 01070nam a2200265 a 4500 | ||
|---|---|---|---|
| 001 | 25035 | ||
| 003 | BD-RjUL | ||
| 005 | 20211209050824.0 | ||
| 008 | 140316r19621961enk b 001 0 eng d | ||
| 035 |
_a(BD-RjUL)25104 _aOCLC 1313407 from mmd028 |
||
| 040 |
_aSRS _beng _cm.c _dm.c _dBD-RjUL |
||
| 041 | _aeng | ||
| 082 | 0 | 4 |
_219 _a951.0072 _bHIS 1962 |
| 245 | 1 | 0 |
_aHistorians of China and Japan / _cedited by W. G. Beasley and E. G. Pulleyblank. |
| 260 |
_bLondon : _aOxford University Press, _c1961 [reprinted 1962]. |
||
| 300 |
_aviii, 351 p. ; _c24 cm. |
||
| 490 | 1 | _aHistorical writing on the peoples of Asia / School of Oriental and African Studies. | |
| 504 | _aIncludes bibliographical references and index. | ||
| 651 | 0 |
_aChina _xHistoriography _977010 |
|
| 651 | 0 |
_aJapan _xHistory _xHistoriography _977011 |
|
| 700 | 1 |
_aBeasley, W. G. _q(William G.), _d1919-2006 _977012 |
|
| 700 | 1 |
_aPulleyblank, Edwin G. _q(Edwin George), _d1922- _977013 |
|
| 830 | 0 |
_aHistorical writing on the peoples of Asia (School of Oriental and African Studies) _977020 |
|
| 942 |
_2ddc _cBK |
||
| 999 |
_c25035 _d25035 |
||